[Event "BL 0304 SV Wattenscheid - Hamburger SK"]
[Site "?"]
[Date "2004.03.28"]
[Round "13.6"]
[White "Ellers, Holger"]
[Black "Bezold, Michael"]
[Result "0-1"]
[WhiteElo "2402"]
[BlackElo "2456"]
[PlyCount "82"]
[EventDate "2004.??.??"]

1. d4 Nf6 2. c4 e6 3. Nc3 Bb4 4. Qc2 O-O 5. a3 Bxc3+ 6. Qxc3 b6 7. Bg5 Bb7 8.
f3 d5 9. e3 Nbd7 10. cxd5 exd5 11. Bd3 Re8 12. Ne2 c5 13. Bb5 Re6 14. O-O Bc6
15. Bd3 Ne4 16. fxe4 Qxg5 17. Nf4 dxe4 18. Nxe6 Qxe3+ 19. Kh1 Qxd3 20. d5 Qxc3
21. bxc3 Bb5 22. Nc7 Bxf1 23. Nxa8 Bc4 24. Nc7 f5 25. d6 Kf7 26. Re1 g6 27. g3
Kf6 28. h4 Ke5 29. Ne8 h6 30. Kg2 a5 31. Rd1 Bb3 32. Rd2 g5 33. hxg5 hxg5 34.
Kf1 Bf7 35. Nc7 f4 36. gxf4+ gxf4 37. Na8 Bc4+ 38. Kg1 e3 39. Nxb6 Nxb6 40. d7
Nxd7 41. Rxd7 f3 0-1

[Event "BL 0304 SV Wattenscheid - Hamburger SK"]
[Site "?"]
[Date "2004.03.28"]
[Round "13.7"]
[White "Reeh, Oliver"]
[Black "Straeter, Timo"]
[Result "1/2-1/2"]
[WhiteElo "2446"]
[BlackElo "2335"]
[PlyCount "116"]
[EventDate "2004.??.??"]

1. e4 e5 2. Nf3 Nc6 3. Bb5 g6 4. c3 d6 5. d4 Bd7 6. Bg5 Be7 7. Bxe7 Qxe7 8. O-O
Nf6 9. Re1 O-O 10. c4 Nb8 11. Bxd7 Nbxd7 12. Nc3 c6 13. Qd2 Rad8 14. Rad1 Rfe8
15. b3 a6 16. g3 b5 17. d5 b4 18. Na4 c5 19. a3 a5 20. Ra1 Ra8 21. Ra2 Qd8 22.
Qc2 Nb6 23. axb4 axb4 24. Rea1 Nbd7 25. Nb2 Rxa2 26. Rxa2 Qc8 27. Nd2 Nh5 28.
Nd1 Nf8 29. Ne3 h6 30. Ra7 Nh7 31. Qd1 N5f6 32. h4 h5 33. Qf3 Rf8 34. Ndf1 Ng4
35. Nxg4 hxg4 36. Qe3 Kg7 37. Kg2 Nf6 38. f3 Re8 39. Nh2 Rf8 40. fxg4 Nxg4 41.
Nxg4 Qxg4 42. Qf3 Qxf3+ 43. Kxf3 Rd8 44. Kg4 Rh8 45. Ra6 Rd8 46. Kg5 Rd7 47.
Ra8 f6+ 48. Kg4 Rf7 49. Rd8 f5+ 50. exf5 gxf5+ 51. Kf3 Rf6 52. Rd7+ Kg6 53. Re7
Kh5 54. Re6 Kg6 55. Re7 Kh6 56. Re6 Kg6 57. Re7 Kh6 58. Re6 Kg6 1/2-1/2

[Event "BL 0304 SV Wattenscheid - Hamburger SK"]
[Site "?"]
[Date "2004.03.28"]
[Round "13.8"]
[White "Lauzeningks, Jan"]
[Black "Heinemann, Thies"]
[Result "0-1"]
[WhiteElo "2301"]
[BlackElo "2426"]
[PlyCount "172"]
[EventDate "2004.??.??"]

1. d4 Nf6 2. c4 c5 3. d5 b5 4. Nd2 d6 5. e4 bxc4 6. Bxc4 g6 7. b3 Bg7 8. Bb2
O-O 9. Ngf3 Nbd7 10. O-O Nb6 11. Qc2 Rb8 12. Rfe1 Bg4 13. Bf1 Re8 14. h3 Bc8
15. Rad1 Bb7 16. Nc4 Qc7 17. Bc3 Nxc4 18. Bxc4 Rbd8 19. Qb2 Rf8 20. Ng5 Ne8 21.
Bxg7 Nxg7 22. e5 h6 23. exd6 exd6 24. Ne4 f5 25. Nf6+ Kh8 26. Bb5 Qf7 27. Ne8
Rdxe8 28. Bxe8 Rxe8 29. Rxe8+ Qxe8 30. Qf6 Qe2 31. Rf1 Bxd5 32. Qxd6 Bf7 33.
Qf8+ Bg8 34. Rc1 Qxa2 35. Qxc5 Bxb3 36. Qd4 Bf7 37. Ra1 Qd5 38. Qe3 Kh7 39.
Rxa7 g5 40. Qe7 Kg6 41. Rd7 Qa2 42. Kh2 Qc4 43. Rc7 Qe6 44. Qc5 Qf6 45. Rc6 {
(=)} Ne6 46. Qc3 h5 47. f3 h4 48. Kg1 Qd8 49. Qe5 Qe8 50. Rb6 Qe7 51. f4 gxf4
52. Qxf4 Qc5+ 53. Qf2 Qc1+ 54. Kh2 Qc7+ 55. Kg1 Qc4 56. Kh1 Qe4 57. Rb2 Kg5 58.
Re2 Qf4 59. Qe1 Qc4 60. Rb2 Qe4 61. Qc3 Nf4 62. Rf2 Nh5 63. Kh2 Kg6 64. Qd2 Bd5
65. Rf1 Qe5+ 66. Kg1 Ng3 67. Re1 Ne4 68. Qe3 Qg3 69. Re2 Nf6 70. Qd4 Be4 71.
Rf2 Qg5 72. Qd2 Qxd2 73. Rxd2 Nd5 74. Kf2 Nf4 75. g4 Nxh3+ 76. Ke3 Kg5 77. gxf5
Bxf5 78. Rd4 Kh5 79. Rd1 Kg4 80. Rd4+ Kg3 81. Rd8 Bg4 82. Rb8 Nf4 83. Rb1 h3
84. Rg1+ Ng2+ 85. Ke4 Bf3+ 86. Kf5 h2 0-1

[Event "BL 0304 TV Tegernsee - Solinger SG"]
[Site "?"]
[Date "2004.04.25"]
[Round "15.3"]
[White "Naumann, Alexander"]
[Black "Ribli, Zoltan"]
[Result "1/2-1/2"]
[WhiteElo "2518"]
[BlackElo "2593"]
[PlyCount "30"]
[EventDate "2004.??.??"]

1. Nf3 Nf6 2. c4 e6 3. Nc3 d5 4. d4 dxc4 5. e4 Bb4 6. Bg5 c5 7. Bxc4 cxd4 8.
Nxd4 Bxc3+ 9. bxc3 Qa5 10. Bb5+ Bd7 11. Bxf6 gxf6 12. Qb3 a6 13. Be2 Nc6 14.
O-O Qc7 15. Rab1 Na5 1/2-1/2

[Event "BL 0304 TV Tegernsee - Solinger SG"]
[Site "?"]
[Date "2004.04.25"]
[Round "15.4"]
[White "Bischoff, Klaus"]
[Black "Stellwagen, Daniel"]
[Result "1/2-1/2"]
[WhiteElo "2564"]
[BlackElo "2487"]
[PlyCount "41"]
[EventDate "2004.??.??"]

1. d4 Nf6 2. c4 g6 3. f3 Bg7 4. e4 d6 5. Be3 O-O 6. Qd2 c5 7. Ne2 Nc6 8. d5 Ne5
9. Nec3 e6 10. Be2 exd5 11. cxd5 Ne8 12. O-O f5 13. a4 Nf6 14. exf5 Bxf5 15.
Na3 a6 16. Rae1 Re8 17. Bf4 Qc7 18. g4 Bd7 19. h3 Nf7 20. Kg2 Re7 21. Bc4
1/2-1/2

[Event "BL 0304 TV Tegernsee - Solinger SG"]
[Site "?"]
[Date "2004.04.25"]
[Round "15.5"]
[White "Werle, Jan"]
[Black "Boensch, Uwe"]
[Result "1/2-1/2"]
[WhiteElo "2409"]
[BlackElo "2545"]
[PlyCount "53"]
[EventDate "2004.??.??"]

1. Nf3 d5 2. d4 Nf6 3. c4 e6 4. Nc3 Be7 5. Bg5 h6 6. Bh4 O-O 7. e3 b6 8. Bxf6
Bxf6 9. cxd5 exd5 10. Rc1 c6 11. Bd3 Re8 12. O-O Bb7 13. e4 dxe4 14. Nxe4 Na6
15. Re1 Nc7 16. Bc4 c5 17. Nxf6+ Qxf6 18. dxc5 Rxe1+ 19. Nxe1 Rd8 20. Qb3 Qf4
21. Qe3 Qxe3 22. fxe3 bxc5 23. Nd3 Ne6 24. Rc3 Bd5 25. Bxd5 Rxd5 26. b3 Ng5 27.
Nxc5 1/2-1/2

[Event "BL 0304 TV Tegernsee - Solinger SG"]
[Site "?"]
[Date "2004.04.25"]
[Round "15.6"]
[White "Hertneck, Gerald"]
[Black "Hoffmann, Michael"]
[Result "1/2-1/2"]
[WhiteElo "2524"]
[BlackElo "2430"]
[PlyCount "131"]
[EventDate "2004.??.??"]

1. d4 Nf6 2. c4 e6 3. Nf3 c5 4. e3 d5 5. Nc3 cxd4 6. exd4 Bb4 7. Bd3 dxc4 8.
Bxc4 O-O 9. O-O b6 10. Bg5 Bb7 11. Qe2 Bxc3 12. bxc3 Nbd7 13. Bd3 Qc7 14. Rfc1
Rfe8 15. Bh4 Qf4 16. Bg3 Qg4 17. a4 Nh5 18. Bb5 Red8 19. a5 Ndf6 20. Ne5 Qxe2
21. Bxe2 Nxg3 22. hxg3 Rab8 23. axb6 axb6 24. Ra7 Nd7 25. Nc4 Be4 26. Rca1 h6
27. R1a3 Ra8 28. Nd6 Bc6 29. Bf3 Bxf3 30. gxf3 Rxa7 31. Rxa7 Kf8 32. Rb7 g6 33.
Kf1 e5 34. Ke2 exd4 35. cxd4 Ke7 36. Nc4 Kf8 37. Ke3 Re8+ 38. Kd3 Re7 39. Kd2
h5 40. Na3 Nf6 41. Rxb6 Re6 42. Rb8+ Kg7 43. Rb7 Ra6 44. Nc4 Ra2+ 45. Ke1 Ng8
46. Ne5 Nh6 47. f4 Ra4 48. d5 Re4+ 49. Kf1 Rd4 50. Rd7 Kf8 51. Rd8+ Kg7 52. d6
Ng4 53. d7 Nxe5 54. fxe5 Rd2 55. f4 Kh7 56. Ke1 Rd5 57. Kf2 Kg7 58. Ke3 Rd1 59.
Ke4 Rd2 60. f5 gxf5+ 61. Kxf5 Rd4 62. Kg5 Rd5 63. Kh4 Kh7 64. Kg5 Kg7 65. Kf5
Rd4 66. Kg5 1/2-1/2

[Event "BL 0304 TV Tegernsee - Solinger SG"]
[Site "?"]
[Date "2004.04.25"]
[Round "15.7"]
[White "Smeets, Jan"]
[Black "Stangl, Markus"]
[Result "1/2-1/2"]
[WhiteElo "2511"]
[BlackElo "2493"]
[PlyCount "83"]
[EventDate "2004.??.??"]

1. e4 c5 2. Nf3 d6 3. d4 cxd4 4. Nxd4 Nf6 5. Nc3 Nc6 6. Bg5 e6 7. Qd2 Qb6 8.
O-O-O Qxd4 9. Qxd4 Nxd4 10. Rxd4 a6 11. f3 Bd7 12. Na4 Bc6 13. Nb6 Rd8 14. Nc4
Be7 15. Na5 Rc8 16. Be2 h6 17. Bxf6 gxf6 18. f4 Rc7 19. Rc4 Kd7 20. Nxc6 Rxc6
21. Rxc6 Kxc6 22. Bh5 Rh7 23. Rd1 Rg7 24. g3 Bd8 25. Kd2 Bb6 26. Ke2 Bc5 27. a4
Kd7 28. a5 Ke7 29. b4 Bxb4 30. Rb1 Bxa5 31. Rxb7+ Ke8 32. Ra7 Bb6 33. Rxa6 Bc5
34. Kf3 Ke7 35. Ra8 Bg1 36. Kg2 Be3 37. Kf3 Bg1 38. Kg2 Be3 39. Kf1 Bd4 40. Rh8
f5 41. exf5 Rxg3 42. hxg3 1/2-1/2

[Event "BL 0304 TV Tegernsee - Solinger SG"]
[Site "?"]
[Date "2004.04.25"]
[Round "15.8"]
[White "Bromberger, Stefan"]
[Black "Wegerle, Joerg"]
[Result "1-0"]
[WhiteElo "2448"]
[BlackElo "2382"]
[PlyCount "127"]
[EventDate "2004.??.??"]

1. d4 d5 2. c4 c6 3. Nc3 Nf6 4. Nf3 a6 5. e3 e6 6. c5 Nbd7 7. b4 g6 8. Bd3 Bg7
9. e4 dxe4 10. Nxe4 Nxe4 11. Bxe4 O-O 12. Bg5 Nf6 13. Bc2 a5 14. a3 Qc7 15. O-O
axb4 16. axb4 Rxa1 17. Qxa1 Nd5 18. Bd2 b6 19. Rb1 Bb7 20. Rb3 Ra8 21. Ra3 Qb8
22. g3 bxc5 23. bxc5 Rxa3 24. Qxa3 Qa8 25. Qxa8+ Bxa8 26. Ne5 Bb7 27. Ba4 Bxe5
28. dxe5 Kg7 29. Kg2 h6 30. Kf3 Ne7 31. Ba5 Kf8 32. Ke4 Ke8 33. Bd2 Ng8 34. h4
Kd7 35. h5 g5 36. f4 f5+ 37. exf6 Nxf6+ 38. Ke5 Nxh5 39. fxg5 hxg5 40. g4 Ng7
41. Bxg5 Ba6 42. Bf6 Be2 43. Bxg7 Bxg4 44. Bc2 Bf3 45. Be4 Bg4 46. Kf6 Bh5 47.
Kg5 Be2 48. Be5 Bd1 49. Bd3 Ke7 50. Kf4 Kd7 51. Ke3 Bg4 52. Kd4 Kc8 53. Ba6+
Kd7 54. Kc3 Bf3 55. Kb4 Bd5 56. Ka5 Bf3 57. Kb6 Be4 58. Bb7 Bd5 59. Ba8 Be4 60.
Kb7 Bd5 61. Kb8 Be4 62. Bb7 Bd5 63. Bc8+ Kd8 64. Bf6+ 1-0

[Event "BL 0304 SK König Plauen - SV Wattensche"]
[Site "?"]
[Date "2004.04.25"]
[Round "15.1"]
[White "Aronian, Levon"]
[Black "Kindermann, Stefan"]
[Result "1-0"]
[WhiteElo "2649"]
[BlackElo "2542"]
[PlyCount "59"]
[EventDate "2004.??.??"]

1. Nf3 d5 2. d4 Nf6 3. c4 c6 4. Nc3 a6 5. e3 b5 6. b3 Bf5 7. Ne5 e6 8. g4 Bg6
9. h4 Ne4 10. Nxe4 Bxe4 11. f3 f6 12. Nxc6 Nxc6 13. fxe4 dxe4 14. Bd2 Qb8 15.
Rh3 f5 16. cxb5 axb5 17. gxf5 exf5 18. a4 bxa4 19. bxa4 Kd8 20. Bb5 Na5 21. Rc1
Bd6 22. Rc5 Bxc5 23. dxc5 Ke7 24. Bc3 Qd8 25. Qa1 Rg8 26. Bxg7 Kf7 27. Rg3 Qe7
28. Qd1 Rad8 29. Qh5+ Ke6 30. Rg6+ 1-0

[Event "BL 0304 SK König Plauen - SV Wattensche"]
[Site "?"]
[Date "2004.04.25"]
[Round "15.3"]
[White "Appel, Ralf"]
[Black "Haskamp, Stefan"]
[Result "1-0"]
[WhiteElo "2513"]
[BlackElo "2308"]
[PlyCount "67"]
[EventDate "2004.??.??"]

1. Nf3 g6 2. c4 Bg7 3. Nc3 d6 4. d4 Nd7 5. e4 e5 6. Be2 Ngf6 7. O-O O-O 8. Be3
Qe7 9. dxe5 dxe5 10. Qc2 c6 11. Rad1 Ng4 12. Bg5 f6 13. Bc1 f5 14. h3 Nh6 15.
a3 f4 16. b4 g5 17. c5 g4 18. hxg4 Nxg4 19. Rd6 Ndf6 20. b5 Ne8 21. Rfd1 Nxd6
22. cxd6 Qe8 23. bxc6 bxc6 24. Na4 Bf6 25. Nc5 Bd7 26. Bd2 Kh8 27. Bc4 Bd8 28.
Bc3 Bf6 29. Rb1 Bc8 30. Qd2 Qg6 31. d7 Bxd7 32. Qxd7 Rg8 33. Bxg8 Rxg8 34. Qf5
1-0

[Event "BL 0304 SK König Plauen - SV Wattensche"]
[Site "?"]
[Date "2004.04.25"]
[Round "15.4"]
[White "Kuraszkiewicz, Michael"]
[Black "Handke, Florian"]
[Result "0-1"]
[WhiteElo "2304"]
[BlackElo "2476"]
[PlyCount "68"]
[EventDate "2004.??.??"]

1. d4 d5 2. c4 c6 3. Nc3 Nf6 4. cxd5 cxd5 5. Bf4 a6 6. e3 Nc6 7. Rc1 g6 8. Nf3
Bg7 9. Be2 h6 10. Ne5 O-O 11. O-O Nxe5 12. Bxe5 Ne8 13. Bg3 e6 14. Qb3 h5 15.
h3 h4 16. Bh2 Bf6 17. Rfd1 Nd6 18. e4 Nxe4 19. Nxe4 dxe4 20. d5 exd5 21. Rxd5
Qe8 22. Rd6 Be6 23. Qxb7 e3 24. b3 exf2+ 25. Kf1 Rc8 26. Rcd1 Rc2 27. Qxa6 Qe7
28. Rc6 Bc8 29. Qb5 Rxc6 30. Qxc6 Bb7 31. Qc7 Qe4 32. Bf3 Ba6+ 33. Kxf2 Bd4+
34. Rxd4 Qxd4+ 0-1

[Event "BL 0304 SK König Plauen - SV Wattensche"]
[Site "?"]
[Date "2004.04.25"]
[Round "15.6"]
[White "Espig, Thomas"]
[Black "Dinstuhl, Volkmar Dr"]
[Result "0-1"]
[WhiteElo "2300"]
[BlackElo "2439"]
[PlyCount "48"]
[EventDate "2004.??.??"]

1. e4 c5 2. Nf3 e6 3. d3 d6 4. g3 Be7 5. Bg2 b5 6. O-O Bb7 7. Re1 Nf6 8. Nbd2
O-O 9. b3 Nc6 10. Bb2 Rc8 11. a4 b4 12. e5 dxe5 13. Nxe5 Nd5 14. Ndc4 Nxe5 15.
Nxe5 Bf6 16. Qh5 g6 17. Qg4 Bg7 18. Qd1 Qc7 19. Qd2 Rcd8 20. Re2 f6 21. Nc4 e5
22. Rf1 Qd7 23. Qe1 Rfe8 24. Qc1 Nf4 0-1

[Event "BL 0304 SK König Plauen - SV Wattensche"]
[Site "?"]
[Date "2004.04.25"]
[Round "15.7"]
[White "Ellers, Holger"]
[Black "Paul, Mathias"]
[Result "1-0"]
[WhiteElo "2402"]
[BlackElo "2142"]
[PlyCount "61"]
[EventDate "2004.??.??"]

1. d4 Nf6 2. c4 g6 3. Nf3 Bg7 4. g3 d5 5. Bg2 O-O 6. O-O Nc6 7. Nbd2 dxc4 8.
Nxc4 Be6 9. b3 Bd5 10. Bb2 a5 11. Ne3 Be4 12. a3 Ra6 13. Nc4 Na7 14. Rc1 Nc8
15. Bc3 a4 16. bxa4 Nd6 17. Bb4 Nxc4 18. Rxc4 Nd5 19. a5 Bf6 20. e3 h5 21. Ne1
Bxg2 22. Nxg2 c6 23. Qf3 Re8 24. Rd1 e6 25. Ne1 Bg7 26. Nd3 Qg5 27. Rb1 h4 28.
Nc5 Ra7 29. Ne4 Qd8 30. Bc5 Rxa5 31. Nd6 1-0

[Event "BL 0304 SK König Plauen - SV Wattensche"]
[Site "?"]
[Date "2004.04.25"]
[Round "15.8"]
[White "Hoerr, Matthias"]
[Black "Straeter, Timo"]
[Result "0-1"]
[WhiteElo "2055"]
[BlackElo "2335"]
[PlyCount "84"]
[EventDate "2004.??.??"]

1. e4 e5 2. d4 Nc6 3. Nf3 exd4 4. Bc4 Bc5 5. c3 d3 6. b4 Bb6 7. a4 a6 8. O-O d6
9. a5 Ba7 10. b5 axb5 11. Bxb5 Nge7 12. Bg5 f6 13. Bh4 O-O 14. Qxd3 Kh8 15.
Nbd2 Ng6 16. Bg3 Nce5 17. Qc2 f5 18. Bxe5 dxe5 19. Nc4 fxe4 20. Qxe4 c6 21.
Rad1 Qc7 22. Ba4 Rf4 23. Qe2 Bg4 24. Bc2 Bxf3 25. gxf3 Nh4 26. Be4 Raf8 27. Rd3
Qe7 28. Kh1 R4f6 29. Rg1 Rf4 30. Rg3 Bxf2 31. Qxf2 Rxe4 32. Nd2 Ra4 33. Rg1 Qf6
34. c4 Ra2 35. Qg3 Nf5 36. Qg4 Nd4 37. Ne4 Qh6 38. h3 Ne2 39. Rd6 Nxg1 40. Rxh6
Nxf3 41. Rxh7+ Kxh7 42. Nf6+ Rxf6 0-1

[Event "BL 0304 SV Werder Bremen - SF Katernber"]
[Site "?"]
[Date "2004.04.25"]
[Round "15.1"]
[White "Chuchelov, Vladimir"]
[Black "Hracek, Zbynek"]
[Result "0-1"]
[WhiteElo "2603"]
[BlackElo "2578"]
[PlyCount "66"]
[EventDate "2004.??.??"]

1. Nf3 g6 2. e4 c5 3. d4 Bg7 4. c3 d5 5. e5 Bg4 6. Bb5+ Nc6 7. Bxc6+ bxc6 8.
Nbd2 cxd4 9. cxd4 e6 10. O-O Ne7 11. h3 Bxf3 12. Nxf3 O-O 13. b3 c5 14. dxc5
Nc6 15. Bf4 Qa5 16. Re1 Qxc5 17. Rc1 Qb4 18. Rxc6 Qxf4 19. a3 a5 20. g3 Qf5 21.
Kg2 Rac8 22. Qc1 Rxc6 23. Qxc6 Qd3 24. Re3 Qd1 25. Qc3 Rb8 26. Nd4 Bh6 27. f4
Qb1 28. Re2 Bf8 29. Qxa5 Rc8 30. b4 Qd3 31. Rc2 Rxc2+ 32. Nxc2 Qxc2+ 33. Kf3 d4
0-1

[Event "BL 0304 SV Werder Bremen - SF Katernber"]
[Site "?"]
[Date "2004.04.25"]
[Round "15.2"]
[White "Babula, Vlastimil"]
[Black "Senff, Martin"]
[Result "1-0"]
[WhiteElo "2567"]
[BlackElo "2446"]
[PlyCount "55"]
[EventDate "2004.??.??"]

1. d4 d5 2. c4 e6 3. Nc3 Be7 4. Nf3 Nf6 5. Bg5 h6 6. Bh4 O-O 7. e3 Ne4 8. Bxe7
Qxe7 9. cxd5 Nxc3 10. bxc3 exd5 11. Qb3 Rd8 12. c4 dxc4 13. Bxc4 Nc6 14. Qc3
Bg4 15. O-O Bxf3 16. gxf3 Qf6 17. Be2 Rac8 18. Rac1 Ne7 19. Qa5 Nf5 20. Kh1 Nh4
21. Rxc7 b6 22. Qxa7 Qf5 23. Qb7 Rxc7 24. Qxc7 Ra8 25. a4 Rxa4 26. Qd8+ Kh7 27.
Qxh4 Ra2 28. Bd1 1-0

[Event "BL 0304 SV Werder Bremen - SF Katernber"]
[Site "?"]
[Date "2004.04.25"]
[Round "15.4"]
[White "Schandorff, Lars"]
[Black "Siebrecht, Sebastian"]
[Result "1-0"]
[WhiteElo "2520"]
[BlackElo "2435"]
[PlyCount "77"]
[EventDate "2004.??.??"]

1. Nf3 f5 2. d4 Nf6 3. g3 g6 4. Bg2 Bg7 5. O-O O-O 6. b4 d6 7. Bb2 e6 8. c4 h6
9. Nbd2 g5 10. Qc2 Nc6 11. b5 Ne7 12. a4 Qe8 13. c5 d5 14. c6 bxc6 15. Ba3 cxb5
16. Qxc7 b4 17. Bxb4 Nd7 18. Qd6 Kf7 19. Rfc1 a5 20. Ba3 Ra6 21. Rxc8 Qxc8 22.
Qxe7+ Kg8 23. Rc1 Rc6 24. Rxc6 Qxc6 25. Bd6 Rf6 26. Ne5 Qc1+ 27. Nf1 Nf8 28.
Qd8 f4 29. Be7 Rf5 30. g4 Rxe5 31. dxe5 Qc4 32. Bxf8 Bxf8 33. Qe8 d4 34. Qg6+
Bg7 35. Qe8+ Bf8 36. Be4 Qxe2 37. Qxe6+ Kh8 38. Qf5 Bg7 39. Qh7# 1-0

[Event "BL 0304 SV Werder Bremen - SF Katernber"]
[Site "?"]
[Date "2004.04.25"]
[Round "15.5"]
[White "Thesing, Matthias"]
[Black "Gallagher, Joseph G"]
[Result "1/2-1/2"]
[WhiteElo "2437"]
[BlackElo "2522"]
[PlyCount "104"]
[EventDate "2004.??.??"]

1. e4 c5 2. Nc3 Nc6 3. Bb5 Nd4 4. Bc4 e6 5. Nf3 a6 6. Nxd4 cxd4 7. Ne2 Bc5 8.
d3 Nf6 9. Bg5 h6 10. Bxf6 Qxf6 11. O-O b5 12. Bb3 Bb7 13. Ng3 h5 14. f4 h4 15.
Nh1 Qg6 16. Qf3 Qh5 17. f5 Be7 18. Qh3 Bg5 19. Rf3 Be3+ 20. Nf2 g5 21. Rxe3
dxe3 22. Qxe3 g4 23. Qb6 g3 24. Nh3 gxh2+ 25. Kh1 Bc6 26. fxe6 fxe6 27. Bxe6
Qe5 28. Bf5 Rg8 29. Rf1 Rb8 30. Qf2 Qg3 31. Bh7 Qxf2 32. Rxf2 Rf8 33. Kxh2 Ke7
34. Nf4 Kd6 35. Bf5 Kc5 36. c3 b4 37. d4+ Kc4 38. d5 Bb5 39. cxb4 Kxb4 40. Rf3
Rbc8 41. Nd3+ Kc4 42. Ne5+ Kd4 43. Ng6 Rf6 44. Nxh4 Rc2 45. Rb3 Rh6 46. Kg3
Rxh4 47. Kxh4 Rxg2 48. a4 Bd3 49. Bxd7 Bxe4 50. d6 Rg6 51. Rb6 Ke5 52. Be8 Rxd6
1/2-1/2

[Event "BL 0304 SV Werder Bremen - SF Katernber"]
[Site "?"]
[Date "2004.04.25"]
[Round "15.6"]
[White "Knaak, Rainer"]
[Black "Scholz, Christian"]
[Result "1-0"]
[WhiteElo "2480"]
[BlackElo "2392"]
[PlyCount "101"]
[EventDate "2004.??.??"]

1. d4 Nf6 2. c4 g6 3. Nf3 Bg7 4. g3 O-O 5. Bg2 d6 6. O-O Nbd7 7. Nc3 e5 8. h3
Re8 9. e4 exd4 10. Nxd4 a6 11. Be3 Rb8 12. b3 c5 13. Nde2 b5 14. Qxd6 bxc4 15.
bxc4 Rb4 16. Rad1 Qa5 17. f4 Bf8 18. Qd3 Nb6 19. a3 Rb3 20. Bd2 Nfd7 21. Ra1
Rxa3 22. Rxa3 Qxa3 23. Rb1 Bb7 24. e5 Bxg2 25. Kxg2 Be7 26. Nc1 Rd8 27. Qe2 Bf8
28. h4 Na4 29. Nd5 Rb8 30. e6 Rxb1 31. exd7 Rb8 32. Qe5 Qb2 33. Qxb2 Nxb2 34.
Ba5 Nxc4 35. Bc7 Ra8 36. Nb3 a5 37. Nxa5 Nxa5 38. Bxa5 f5 39. d8=Q Rxd8 40.
Bxd8 Kf7 41. Kf3 Ke6 42. Ne3 Bg7 43. Ke2 Bc3 44. Nc2 Kd5 45. Kd3 Bg7 46. Ne3+
Kc6 47. Kc4 Bd4 48. Nd1 Bg1 49. Ba5 Bd4 50. Bc3 Bg1 51. Be1 1-0

[Event "BL 0304 SV Werder Bremen - SF Katernber"]
[Site "?"]
[Date "2004.04.25"]
[Round "15.8"]
[White "Meins, Gerlef"]
[Black "Meyer, Falko"]
[Result "1-0"]
[WhiteElo "2454"]
[BlackElo "2348"]
[PlyCount "83"]
[EventDate "2004.??.??"]

1. d4 d6 2. Nf3 Bg4 3. e4 Nf6 4. Nc3 c6 5. h3 Bxf3 6. Qxf3 Nbd7 7. g4 h6 8. h4
e5 9. d5 cxd5 10. exd5 g6 11. h5 g5 12. Bd3 Rc8 13. O-O a6 14. a4 Bg7 15. Ra3
O-O 16. a5 Re8 17. Bf5 Rc4 18. Qe2 Rc5 19. b4 Rxc3 20. Rxc3 Nxd5 21. Rd3 Nf4
22. Bxf4 exf4 23. Qd1 Ne5 24. Rxd6 Qe7 25. Qd5 Nf3+ 26. Kh1 Ne5 27. Rd1 Bf8 28.
c3 Qc7 29. Rb6 Qxc3 30. Kg2 Bxb4 31. Rxh6 f3+ 32. Kg3 Qc7 33. Kh3 Qc5 34. Qxc5
Bxc5 35. Kg3 Bb4 36. Rd5 Nc6 37. Bd7 Re1 38. Bxc6 bxc6 39. Rxc6 f6 40. Rd7 Re8
41. Rxa6 Be1 42. Kxf3 1-0

[Event "BL 0304 Bremer SG - SG Koeln Porz"]
[Site "?"]
[Date "2004.04.25"]
[Round "15.1"]
[White "Lutz, Christopher"]
[Black "Bacrot, Etienne"]
[Result "1/2-1/2"]
[WhiteElo "2613"]
[BlackElo "2664"]
[PlyCount "93"]
[EventDate "2004.??.??"]

1. e4 e5 2. Nf3 Nc6 3. Bb5 a6 4. Ba4 Nf6 5. O-O Be7 6. Re1 b5 7. Bb3 d6 8. c3
O-O 9. h3 Bb7 10. d4 Re8 11. Ng5 Rf8 12. Nf3 Re8 13. Nbd2 Bf8 14. Bc2 g6 15. d5
Nb8 16. b3 c6 17. c4 a5 18. dxc6 Bxc6 19. cxb5 Bxb5 20. Nc4 Na6 21. Bg5 Bxc4
22. bxc4 Nc5 23. Ba4 Re6 24. Bc6 Rc8 25. Bd5 Re8 26. Rb1 Be7 27. Bxf6 Bxf6 28.
Qd2 Re7 29. h4 Ra7 30. g3 Na6 31. a3 Kg7 32. h5 g5 33. Rb7 Rc7 34. Rxc7 Rxc7
35. Qxa5 Ra7 36. Qxd8 Bxd8 37. Rb1 Nc5 38. Rb8 Rxa3 39. Nh2 Bc7 40. h6+ Kxh6
41. Rf8 Bb6 42. Rxf7 Kg6 43. Rf8 h5 44. Nf3 Nd3 45. Rg8+ Kf6 46. Rf8+ Kg6 47.
Rg8+ 1/2-1/2

[Event "BL 0304 Bremer SG - SG Koeln Porz"]
[Site "?"]
[Date "2004.04.25"]
[Round "15.2"]
[White "Landa, Konstantin"]
[Black "Van Wely, Loek"]
[Result "1/2-1/2"]
[WhiteElo "2587"]
[BlackElo "2654"]
[PlyCount "54"]
[EventDate "2004.??.??"]

1. e4 c5 2. Nf3 Nc6 3. d4 cxd4 4. Nxd4 Nf6 5. Nc3 e5 6. Ndb5 d6 7. Bg5 a6 8.
Na3 b5 9. Nd5 Be7 10. Bxf6 Bxf6 11. c3 Bg5 12. Nc2 O-O 13. a4 bxa4 14. Rxa4 a5
15. Bb5 Ne7 16. Nxe7+ Qxe7 17. Nb4 Bg4 18. Qa1 Qb7 19. Bc6 Qb6 20. Bxa8 Qb5 21.
f3 axb4 22. fxg4 Qd3 23. Qd1 Qe3+ 24. Qe2 Qc1+ 25. Qd1 Qe3+ 26. Qe2 Qc1+ 27.
Qd1 Qe3+ 1/2-1/2

[Event "BL 0304 Bremer SG - SG Koeln Porz"]
[Site "?"]
[Date "2004.04.25"]
[Round "15.3"]
[White "Sokolov, Ivan"]
[Black "Hjartarson, Johann"]
[Result "1-0"]
[WhiteElo "2695"]
[BlackElo "2640"]
[PlyCount "69"]
[EventDate "2004.??.??"]

1. d4 Nf6 2. c4 e6 3. Nf3 b6 4. Nc3 Bb4 5. Qb3 c5 6. a3 Bxc3+ 7. Qxc3 O-O 8. e3
Bb7 9. Be2 d6 10. O-O Nbd7 11. b4 Ne4 12. Qb3 Qc7 13. Nd2 Nxd2 14. Bxd2 d5 15.
Rac1 dxc4 16. Qxc4 Rfc8 17. dxc5 bxc5 18. Bc3 Nb6 19. Qg4 f5 20. Qg5 cxb4 21.
Bd4 Qd7 22. axb4 Nd5 23. b5 h6 24. Qg6 Rxc1 25. Rxc1 Qf7 26. Qxf7+ Kxf7 27. Ra1
Nb6 28. Bf3 Bxf3 29. gxf3 Nc4 30. b6 a5 31. b7 Rb8 32. Rb1 Nd6 33. Rb6 Nc4 34.
Rc6 e5 35. Rc7+ 1-0

[Event "BL 0304 Bremer SG - SG Koeln Porz"]
[Site "?"]
[Date "2004.04.25"]
[Round "15.6"]
[White "Baburin, Alexander"]
[Black "Gurevich, Mikhail"]
[Result "0-1"]
[WhiteElo "2541"]
[BlackElo "2656"]
[PlyCount "52"]
[EventDate "2004.??.??"]

1. d4 d5 2. c4 c6 3. Nf3 Nf6 4. e3 Bf5 5. Nc3 e6 6. Nh4 Bg6 7. Qb3 Qc7 8. Nxg6
hxg6 9. h3 Nbd7 10. Bd2 Nb6 11. cxd5 exd5 12. Bd3 Be7 13. O-O-O a5 14. Kb1 a4
15. Qc2 Nc4 16. Bxc4 dxc4 17. Nxa4 O-O 18. Nc3 b5 19. Ne2 Ra6 20. Nc1 Rfa8 21.
e4 Qa7 22. Be3 Rxa2 23. Nxa2 Qxa2+ 24. Kc1 c3 25. bxc3 Qc4 26. Qd3 Qxd3 0-1

[Event "BL 0304 SCA St Ingbert - SFR Neukölln"]
[Site "?"]
[Date "2004.04.25"]
[Round "15.1"]
[White "Rogozenko, Dorian"]
[Black "Bauer, Christian"]
[Result "1/2-1/2"]
[WhiteElo "2517"]
[BlackElo "2602"]
[PlyCount "151"]
[EventDate "2004.??.??"]

1. d4 g6 2. c4 Bg7 3. Nf3 c5 4. d5 f5 5. g3 Nf6 6. Bg2 d6 7. Nc3 O-O 8. O-O Na6
9. Rb1 Nc7 10. a4 h6 11. b3 e5 12. dxe6 Bxe6 13. Bb2 a6 14. Qd3 Qd7 15. a5 Rad8
16. Na4 Qf7 17. Rbd1 g5 18. Nd2 Ng4 19. Bxg7 Qxg7 20. Bxb7 Ne5 21. Qc3 Nb5 22.
cxb5 Qxb7 23. Nxc5 Qc8 24. Na4 axb5 25. Qxc8 Rxc8 26. Nb6 Rc2 27. Nf3 Nxf3+ 28.
exf3 Bxb3 29. Rxd6 Ba2 30. a6 Rf7 31. Re1 Kg7 32. Nd7 Rc7 33. Ra1 Rfxd7 34.
Rxd7+ Rxd7 35. Rxa2 Ra7 36. Ra5 b4 37. Rxf5 Rxa6 38. Rb5 Ra3 39. Kg2 Rb3 40. g4
Kg6 41. Rb6+ Kg7 42. Kg3 Kh7 43. h3 Kg7 44. Kg2 Rb2 45. f4 gxf4 46. Kf3 Rb3+
47. Kxf4 Rxh3 48. Rxb4 Ra3 49. Ke4 Ra6 50. f4 Kf6 51. Rd4 Re6+ 52. Kf3 Ra6 53.
Rd8 Ra3+ 54. Ke4 Ra6 55. Rd4 Re6+ 56. Kf3 Ra6 57. Kg3 Ra3+ 58. Kh4 Ra1 59. Rd6+
Kg7 60. f5 Rg1 61. Rd7+ Kf6 62. Rh7 Rh1+ 63. Kg3 Rg1+ 64. Kf3 Rh1 65. Ra7 Rf1+
66. Kg2 Rb1 67. Rh7 Kg5 68. Rg7+ Kf4 69. f6 Rb8 70. Kh3 Ke5 71. Rg6 Rf8 72.
Rxh6 Rxf6 73. Rh8 Ke6 74. g5 Rf1 75. Kg4 Rg1+ 76. Kf4 1/2-1/2